| 000 | 00660nam a2200229 i 4500 | ||
|---|---|---|---|
| 001 | 42865 | ||
| 003 | ES-MaACL | ||
| 005 | 20250910214045.0 | ||
| 007 | t| | ||
| 008 | 030314s1966 sp ||||1| spa d | ||
| 080 | _a821.134.2-32"19" | ||
| 100 | 1 |
_aCela, Camilo José, _d1916-2002 _937336 |
|
| 245 | 1 | 3 |
_aEl solitario / _cCamilo José Cela ; ilustraciones de Rafael Zabaleta. |
| 250 | _a1ª ed. | ||
| 260 |
_aMadrid : _bAlfaguara, _c1966. |
||
| 300 |
_a160 p. : _bil. ; _c24 cm. |
||
| 490 | 1 | _aMuseo secreto | |
| 700 |
_aZabaleta, Rafael, _d1907-1960 _9233552 |
||
| 830 | 1 |
_aMuseo secreto _9181963 |
|
| 852 | 4 |
_aES-MaACL _jG-5144 |
|
| 999 |
_c42865 _d42865 |
||